| 000 | 00710nam a2200229 i 4500 | ||
|---|---|---|---|
| 001 | 129662 | ||
| 003 | ES-MaACL | ||
| 005 | 20230906193539.0 | ||
| 007 | t| | ||
| 008 | 070628s1957 sp ||||1| spa d | ||
| 080 | _a330.191.6 | ||
| 100 | 1 |
_aThorp, Willard L. _9110154 |
|
| 245 | 1 | 3 |
_aLa prosperidad, objetivo y problema / _cWillard L. Thorp ; [versión española de C. Díaz Andrés]. |
| 260 |
_aBarcelona : _bHispano-Europea, _c[1957] |
||
| 300 |
_a235p. ; _c21 cm. |
||
| 490 | 1 | _aColección Galileo | |
| 650 | 0 | 4 |
_aEconomía internacional. _912028 |
| 700 | 1 |
_aDíaz Andrés, C. _944173 |
|
| 830 | 0 |
_aColección Galileo _9181173 |
|
| 852 |
_aES-MaACL _jC-12419 _bR.40868 |
||
| 999 |
_c129662 _d129662 |
||